000 02148nam a2200253 a 4500
001 ASIN1856697401
003 OSt
005 20180116192415.0
008 130220s2011 xxu eng d
020 _a1856697401 (hardcover)
_c$50.00
020 _a9781856697408 (hardcover)
040 _c0
082 _a721.04496
100 1 _aMcLeod, Virginia.
_96454
245 1 0 _aDetail in contemporary glass architecture /
_cVirginia McLeod.
250 _aHar/Cdr ed.
260 _aLondon :
_bLaurence King Publishers,
_c2011.
300 _a224 p. ; + CD ROM
_c30 cm.
520 _aFollowing the success of the earlier titles in this series, Detail in Contemporary Glass Architecture provides analysis of both the technical and the aesthetic importance of details in modern glass architecture. Featuring the work of renowned architects from around the world, this book presents 50 of the most recently completed and influential glass designs for residential, public and commercial architecture. Each project is presented with colour photographs, site plans and sections and elevations, as well as numerous construction details. There is also a descriptive text, detailed captions and in-depth information for each project, including the location, client, architectural project team, main consultants and contractors. The projects are presented in clear and concise layouts over four pages. All of the drawings are styled in the same consistent way and presented at standard architectural scales to allow for easy comparison. There is also a CD-ROM which contains all the drawings as printed in the book, in both EPS and DWG (generic CAD) formats. In addition the book features an index of architects that includes the name, address and all contact details for each architect. Detail in Contemporary Glass Architecture is an excellent reference work for practising architects as well as architecture and design students.
650 _aGlass construction
_96455
856 4 0 _3Amazon.com
_uhttp://www.amazon.com/exec/obidos/ASIN/1856697401/chopaconline-20
942 _2ddc
_cBK
999 _c353677
_d353677